000 02112nam a22003497a 4500
003 DO-SdBNP
005 20180306105058.0
008 160510b 2001 dr a xxu||||| |||| 00| 0 spa d
020 _a8482613847
040 _aBPMSU
_bspa
_cBPMSU
092 _a373.257
_bLl 791b 2do. 2001
100 1 _aLlibre de Vargas, Claudia
245 1 0 _aBiología 2 :
_beducación media /
_cClaudia Llibre de Vargas ; dirección editorial Obdulia García de Escobar; ilustración Ruddy Núñez.
300 _axvi, 151 p. :
_bil., retrs. ;
_c28 cm.
490 1 _aUmbral
500 _aEdición anotada para el profesor.
500 _aSegundo de bachillerato 2do. Curso /Primer Ciclo.
500 _a Segundo curso del primer ciclo de educacición media.
505 0 _gUnidad 1
_tNiveles de complejidad en los seres vivos y procesos vitales --
_tFunciones vitales en plantas y animales --
_gUnidad 2
_tLa alimentación de los seres humanos --
_tProyecto de investigación 1--
_t¿Cómo ocurre la gestión estomacal? --
_gUnidad 3
_tLa circulación de los seres humanos --
_tProyecto de investigación 2 --
_t¿Cuál es la composición de la sangre? --
_gUnidad 4
_tLa excreción de los seres humanos --
_tProyecto de investigación 3 --
_t¿Qué nos dicen los exámenes de orina? --
_gUnidad 5
_tLa respiración en los seres humanos --
_tProyecto de investigación 4 --
_tAdemás de la energía, ¿se producen otras cosas en la respiración celular? --
_gUnidad 6
_tLa reproducción en los seres humanos --
_tProyecto de investigación 5 --
_t¿Podemos distinguir las moscas hembras de las moscas macho?
650 4 _aBIOLOGÍA
_xENSEÑANZA SECUNDARIA
650 4 _aBIOLOGÍA
_xESTUDIOS Y EJERCICIOS
650 4 _aBIOLOGÍA
_xLIBROS DE TEXTOS
650 4 _aEDUCACIÓN SECUNDARIA
_zREPÚBLICA DOMINICANA
650 4 _aBIOLOGÍA
_xEDUCACIÓN SECUNDARIA
700 1 2 _aGarcía de Escobar, Obdulia,
_e ed.
_c
700 1 2 _aNúñez, Ruddy,
_eil.
830 _pUmbral
910 _aValidado. Control de calidad MFF
942 _2ddc
_cBK
945 _ainventariado, 2018 / dg
956 _2LOPEREZ
_310
_620161005
_8BPMSU
_a00041
999 _c10071
_d10071